Państwa z najmniejszą gęstością zaludnienia - nagła śmierć - Statystyki

Ogólne statystyki
  • Ten quiz został rozwiązany 258 razy
  • Średni wynik to 13 z 20
Answers on the Grid
Answers color-coded by a green-red scale on the quiz's grid according to % correct below.
Angola
Arabia Saudyjska
Argentyna
Australia
Boliwia
Botswana
Czad
Egipt
Finlandia
Gabon
Grecja
Gujana
Islandia
Irak
Irlandia
Japonia
Kanada
Kazachstan
Libia
Madagaskar
Maroko
Mauretania
Meksyk
Mongolia
Namibia
Republika Środkowoafrykańska
Rosja
Salwador
Stany Zjednoczone
Surinam
Tadżykistan
Turkmenistan
Wenezuela
 
Statystyki odpowiedzi
Odpowiedź % Poprawnych
2 Australia
87%
7 Kanada
86%
4 Islandia
83%
11 Kazachstan
83%
1 Mongolia
81%
12 Rosja
80%
17 Arabia Saudyjska
73%
20 Finlandia
72%
3 Namibia
69%
16 Turkmenistan
68%
10 Mauretania
67%
8 Libia
63%
19 Czad
60%
9 Botswana
56%
18 Argentyna
54%
13 Republika Środkowoafrykańska
51%
5 Gujana
50%
15 Boliwia
49%
6 Surinam
49%
14 Gabon
36%
Nie znaleziono quizów pasujących do podanych kryteriów
Rozkład punktacji
Procent ludzi z każdym wynikiem
Percentyl według liczby udzielonych odpowiedzi
Twoja historia wyników
Nie rozwiązałeś tego quizu